000 00442nam a2200169Ia 4500
008 230711s9999||||xx |||||||||||||| ||und||
020 _a978-93-392-1968-0
041 _aENG
082 _a4
_bSH-E
100 _aShibu,K V
245 0 _aIntroduction to embedded systems
250 _a2nd Ed.
260 _c2017
_aNew Delhi
_bMcGraw Hill Education(India) Private Limited
300 _a735p.
650 _aElectronics Engineering
942 _cBK
999 _c6335
_d6335